Catálogo
 En Linea
Vista normal Vista MARC

Entrada Nombre personal

Número de registros utilizados en: 24

001 - NÚMERO DE CONTROL

  • campo de control: 25425

003 - IDENTIFICADOR DEL NÚMERO DE CONTROL

  • campo de control: BNPHU

005 - FECHA Y HORA DE LA ÚLTIMA TRANSACCIÓN

  • campo de control: 20240228140233.0

008 - DATOS DE LONGITUD FIJA

  • campo de control de longitud fija: 200615|| aca||aabn | a|a d

040 ## - FUENTE DE LA CATALOGACIÓN

  • Centro catalogador/agencia de origen: DO-SdBNP
  • Lengua de catalogación: spa
  • Centro/agencia transcriptor: BNPHU
  • Normas de descripción: rda

100 1# - ENCABEZAMIENTO-NOMBRE DE PERSONA

  • Nombre de persona: Jovine Bermúdez, Federico,
  • Fechas asociadas al nombre: 1944-2017

370 ## - LUGAR ASOCIADO

  • Lugar de nacimiento: San Pedro de Macorís, República Dominicana

375 ## - GÉNERO/SEXO

  • Género/Sexo: Masculino

377 ## - LENGUA/LENGUAJE ASOCIADO

  • Código del idioma: spa

400 1# - TRAZADO DE VÉASE--NOMBRE DE PERSONA

  • Nombre de persona: Bermúdez, Federico Jovine,
  • Fechas asociadas al nombre: 1944-2017

670 ## - FUENTE DE DATOS ENCONTRADOS

  • Cita de la fuente: Work cat.: (OSt)10181: Jovine Bermúdez, Federico 1944-2007, Huellas de la ira /, 1974.

670 ## - FUENTE DE DATOS ENCONTRADOS

  • Cita de la fuente: His Salvo error u omisión, 1983

Con tecnología Koha